|
|
|
|
| LEADER |
00000nas a2200000 a 4500 |
| 001 |
ssj0001105 |
| 003 |
WaSeSS |
| 005 |
20200512172242.0 |
| 006 |
m d |
| 007 |
cr n |
| 008 |
050614c19889999msuqr pss o 0 a0eng |
| 010 |
|
|
|a 2006214438
|
| 015 |
|
|
|a GBB619684
|2 bnb
|
| 016 |
7 |
|
|a 013525173
|2 Uk
|
| 022 |
|
|
|a 1930-3203
|l 1041-794X
|y 1041-794X
|
| 035 |
|
|
|a (WaSeSS)ssj0001105
|
| 040 |
|
|
|a OCLCS
|b eng
|e pn
|c OCLCS
|d NSD
|d OCLCQ
|d DLC
|d UKMGB
|d OCLCQ
|d OCLCF
|d OCLCO
|d VT2
|d DLC
|d FJM
|d OCLCE
|d OCLCQ
|d TSC
|d NLE
|d DLC
|d WaSeSS
|
| 042 |
|
|
|a nsdp
|
| 050 |
0 |
0 |
|a PN4071 ‡b .S65
|
| 050 |
1 |
4 |
|a PN4071
|b .S65
|
| 082 |
0 |
4 |
|a 302.2/242/05
|2 20
|
| 130 |
0 |
|
|a Southern communication journal (Online)
|
| 222 |
|
0 |
|a Southern communication journal
|b (Online)
|
| 245 |
1 |
4 |
|a The Southern communication journal
|h [electronic resource].
|
| 260 |
|
|
|a [Boone, NC] :
|b [Southern States Communication Association]
|
| 310 |
|
|
|a Quarterly
|
| 362 |
1 |
|
|a Print began with v. 54, no. 1 (fall 1988).
|
| 500 |
|
|
|a Place of publication varies: Hattiesburg, MS, <summer 1991->
|
| 500 |
|
|
|a Published: Philadelphia, Pa. : Taylor and Francis, 2005-
|
| 506 |
|
|
|a License restrictions may limit access.
|
| 538 |
|
|
|a Mode of access: World Wide Web.
|
| 588 |
|
|
|a Description based on print version record.
|
| 588 |
|
|
|a Latest issue consulted: Vol. 83 issue 2 (Mar. 2018), Taylor & Francis viewed Nov. 16, 2018.
|
| 650 |
|
0 |
|a Oral communication
|v Periodicals.
|
| 650 |
|
7 |
|a Oral communication.
|2 fast
|0 (OCoLC)fst01047000
|
| 655 |
|
0 |
|a Electronic journals.
|
| 710 |
2 |
|
|a Southern States Communication Association (U.S.)
|
| 776 |
1 |
|
|t Southern communication journal
|x 1041-794X
|w (DLC) 89644185
|w (OCoLC)18653584
|
| 780 |
0 |
0 |
|t Southern speech communication journal
|x 2469-9640
|w (DLC) 2015203816
|w (OCoLC)60626872
|
| 850 |
|
|
|a DLC
|
| 856 |
4 |
0 |
|z Full text available from Research Library: 01/01/1991 to 06/30/2006
|u https://search.proquest.com/publication/47585
|